|
|
|
|
| LEADER |
01184nam a2200301 a 4500 |
| 001 |
2859264 |
| 003 |
BD-DhAAL |
| 005 |
20130915153133.0 |
| 008 |
130915s1986 ilu b s001 0 eng d |
| 010 |
|
|
|a 85008597
|
| 020 |
|
|
|a 0252012488 (alk. paper)
|
| 020 |
|
|
|a 0252013247 (pbk. : alk. paper)
|
| 040 |
|
|
|a DLC
|c DLC
|d DLC
|d BD-DhAAL
|
| 050 |
0 |
0 |
|a GN346
|b .S45 1986
|
| 082 |
0 |
0 |
|a 306
|2 19
|
| 245 |
0 |
0 |
|a Self, sex, and gender in cross-cultural fieldwork /
|c edited by Tony Larry Whitehead and Mary Ellen Conaway ; with a foreword by Michael H. Agar.
|
| 260 |
|
|
|a Urbana :
|b University of Illinois Press,
|c c1986.
|
| 300 |
|
|
|a xiii, 312 p. ;
|c 30 cm.
|
| 504 |
|
|
|a Includes bibliographies and index.
|
| 541 |
|
|
|e 7679
|
| 650 |
|
0 |
|a Ethnology
|x Fieldwork.
|9 3057
|
| 650 |
|
0 |
|a Cross-cultural studies.
|9 3058
|
| 650 |
|
0 |
|a Women anthropologists.
|9 3059
|
| 700 |
1 |
|
|a Whitehead, Tony Larry.
|9 3060
|
| 700 |
1 |
|
|a Conaway, Mary Ellen.
|9 3061
|
| 942 |
|
|
|2 ddc
|c BK
|
| 999 |
|
|
|c 13961
|d 13961
|
| 952 |
|
|
|0 0
|1 0
|2 ddc
|4 1
|6 306_000000000000000_SEL
|7 0
|9 23391
|a BRACUL
|b BRACUL
|c SPS
|d 2013-09-15
|l 0
|o 306 SEL
|p 3010007679
|r 2013-09-15
|t 1
|w 2013-09-15
|y BK
|x Photocopy Book. Declared as Damaged on December 10, 2023
|